000 00560nam a2200229Ia 4500
005 20250425162315.0
008 250425s9999 xx 000 0 und d
020 _a8474338794
041 _aspa
082 _a333.7316095
110 _aMOPT
245 0 _aPROTECCION DE LAS AGUAS. SUSTANCIAS PELIGROSAS
250 _a1A ED.
260 _aEspaƱa
_bMINISTERIO DE OBRAS PUBLICAS Y TRANSPORTE
_c1993
260 _aMADRID
300 _a119
650 _aREGLAMENTACIONES
650 _aSUSTANCIAS
650 _aTIPOS
942 _c01
010 _a60515
999 _c226520
_d226520